Grands chelems du tournoi des 6 nations - Statistiques

Statistiques générales
  • Ce quiz a été pris 152 fois
  • Le résultat moyen est 24 sur 41
Statistiques - réponses
Tournoi Année Pays % Correct
Britannique 1908 Pays de Galles
81%
Britannique 1909 Pays de Galles
78%
5 Nations 1911 Pays de Galles
78%
5 Nations 1913 Angleterre
76%
5 Nations 1923 Angleterre
75%
5 Nations 1921 Angleterre
74%
5 Nations 1924 Angleterre
74%
5 Nations 1914 Angleterre
73%
5 Nations 1948 Irlande
72%
5 Nations 1928 Angleterre
71%
5 Nations 1925 Écosse
71%
6 Nations 2022 France
71%
5 Nations 1950 Pays de Galles
70%
5 Nations 1952 Pays de Galles
70%
5 Nations 1957 Angleterre
69%
5 Nations 1968 France
64%
5 Nations 1971 Pays de Galles
63%
5 Nations 1976 Pays de Galles
62%
6 Nations 2019 Pays de Galles
61%
6 Nations 2016 Angleterre
58%
5 Nations 1977 France
58%
6 Nations 2010 France
58%
6 Nations 2018 Irlande
58%
5 Nations 1978 Pays de Galles
55%
5 Nations 1980 Angleterre
54%
6 Nations 2002 France
54%
6 Nations 2012 Pays de Galles
54%
6 Nations 2003 Angleterre
51%
5 Nations 1981 France
51%
6 Nations 2004 France
50%
6 Nations 2009 Irlande
50%
5 Nations 1987 France
47%
6 Nations 2005 Pays de Galles
47%
5 Nations 1984 Écosse
46%
6 Nations 2008 Pays de Galles
46%
5 Nations 1991 Angleterre
45%
5 Nations 1992 Angleterre
42%
5 Nations 1995 Angleterre
42%
5 Nations 1990 Écosse
42%
5 Nations 1997 France
41%
5 Nations 1998 France
40%
Aucun quiz correspondant
Distribution des résultats
% des personnes avec chaque résultat
Percentile par nombre de réponses
Votre historique - résultats
Vous n’avez pas pris ce quiz